000 00207nam a22000857a 4500
001 1236345
005 20251001162427.0
245 _aSİVRİ SİNEK
_cÖMER SEYFETTİN
260 _bGÜNIŞIĞI KİTAPLIĞI YAYINLARI
999 _c1236345
_d1236345